000 00339nam a2200133Ia 4500
008 230411s9999 xx 000 0 und d
041 _aeng
082 _aCH/610.7343/BAS/B00025
100 _aSwarnkar Keshav
245 _aCommunity Health Nursing
260 _bN R Brothers
_aIndore
_c2004
300 _a803p
999 _c151549
_d151549